000 01900cam a22005054i 4500
003 PE-LiUPU
005 20250731165551.0
008 150625s r 000 0 d
035 _a(Sirsi) a34529
035 _a(Sirsi) a34529
040 _aPE-LiUPU
_bspa
_cPE-LiUPU
_erda
082 0 4 _a985.04
_bD
_223
245 0 0 _aAsuntos Económicos :
_nVolumen 1.
_bInformes y oficios del tribunal del consulado /
_cedición y prólogo de Alberto Tauro.
264 1 _aLima :
_bComisión Nacional del Sesquicentenario de la Independencia del Perú,
_c1971.
300 _a465 páginas ;
_c24 centímetros.
336 _atext
_2rdacontent
337 _aunmediated
_2rdamedia
338 _avolume
_2rdacarrier
490 0 _aColección Documental de la Independencia del Perú ;
_v21
500 _a"Año del sesquicentenario de la Independencia del Perú"
505 _aNuevo gobierno. Lima independiente -- Cupo de 150,000 pesos para el auxilio del estado -- Documentos complementarios.
526 _aSEG44
526 _aSEG26
526 _aP151
526 _aP150
526 _aP149
526 _aP146
526 _aP145
526 _aP126
526 _aP125
526 _aP92
526 _aP75
526 _aP74
526 _aP27
526 _aP15
650 0 4 _aTribunal del Consulado (Lima).
651 4 _aPerú
_xHistoria
_yEmancipación, 1808-1824
_xAspectos económicos
651 4 _aPerú
_xHistoria
_yEmancipación, 1808-1824
_vFuentes.
700 1 _aTauro, Alberto,
_d1914-1994.
710 2 _a.Comisión Nacional del Sesquicentenario de la Independencia del Perú
942 _2ddc
_cBK
949 _aRC 985.04 D 21
_wDEWEY
_c1
_i17031
_lRC
_mBUL
_r0
_sY
_tBOOK
_u2015-6-25
_xBIBLIOTECA
_zUNKNOWN
_0COMPRA
_o.CIRCNOTE. No olvidar cambiar la fecha de devolución!!!!!!!
_o.STAFF. Colección General
999 _c42395
_d42395
980 _81
_gALBERTO SANCHEZ Responsable de Automatización